Normal view
MARC view
Entry Personal Name
001 - CONTROL NUMBER
- control field: 14826
003 - CONTROL NUMBER IDENTIFIER
- control field: OSt
005 - DATE AND TIME OF LATEST TRANSACTION
- control field: 20191014091811.0
008 - FIXED-LENGTH DATA ELEMENTS
- fixed length control field: 191014|| aca||aabn | a|a d
040 ## - CATALOGING SOURCE
- Original cataloging agency: OSt
- Transcribing agency: OSt
100 ## - HEADING--PERSONAL NAME
- Personal name: Rallison, James.
670 ## - SOURCE DATA FOUND
- Source citation: Work cat.: (OSt): Rallison, James., The odd 1s out : how to be cool and other things I definitely learned from growing up /, 2018.